000 00451nab a2200145Ia 4500
003 ES-SlBCS
005 20210601125314.0
008 140529s2006 xxu||||| |||| 00| 0 eng d
041 _aeng
100 1 _aEgan, Andy
_9156511
245 0 0 _aSecondary Qualities and Self-Location
_c Andy Egan
650 0 4 _aCualidades Secundarias
_9151407
773 0 _tPhilosophy and Phenomenological Research
_gvol. 72, nº. 1, 2006, págs. 97-119
_wRev1411
942 _cAR
999 _c528165
_d528165